Ciudadanía adolescente, reorganización social y democratización del poder
সংরক্ষণ করুন:
| প্রধান লেখক: | |
|---|---|
| বিন্যাস: | পাঠ্য |
| প্রকাশিত: |
San José:
CLACSO
|
| বিষয়গুলি: | |
| ট্যাগগুলো: |
ট্যাগ যুক্ত করুন
কোনো ট্যাগ নেই, প্রথমজন হিসাবে ট্যাগ করুন!
|
MARC
| LEADER | 00000 a a2200000 04500 | ||
|---|---|---|---|
| 001 | 32987 | ||
| 003 | |||
| 040 | |a CRAI/IIS |c CRAI/IIS | ||
| 090 | |a 1002 G859c | ||
| 100 | |a Grillo R, Milena | ||
| 245 | |a Ciudadanía adolescente, reorganización social y democratización del poder | ||
| 260 | |a San José: |b CLACSO | ||
| 300 | |a 15 p. | ||
| 650 | |a CIUDADANIA | ||
| 650 | |a ADOLESCENCIA | ||
| 650 | |a ORGANIZACIONES JUVENILES | ||
| 650 | |a CAMBIO SOCIAL | ||
| 650 | |a COSTA RICA | ||
| 999 | |c 4428 |d 4428 | ||
